University Challenge repeat winners - Statistics

General Stats
  • This quiz has been taken 37 times
  • The average score is 4 of 11
Answer Stats
Win years Institution % Correct
1996, 2001, 2020, 2022, 2024 Imperial College London
69%
2006, 2009, 2012, 2013 University of Manchester
66%
1977, 2000, 2023 Durham University
55%
1984, 1999 The Open University
41%
1974, 1995, 2014 Trinity College, Cambridge
38%
1997, 1998, 2004, 2011 Magdalen College, Oxford
34%
2007, 2021 University of Warwick
34%
1967, 1969 University of Sussex
14%
1971, 1978 Sidney Sussex College, Cambridge
7%
1972, 1976 University College, Oxford
7%
1975, 1987 Keble College, Oxford
3%
No matching quizzes found
Score Distribution
Percent of People with Each Score
Percentile by Number Answered
Your Score History
You have not taken this quiz